Вып. 74; Радиотехника

Λεπτομέρειες βιβλιογραφικής εγγραφής
Parent link:Радиотехника: республиканский межведомственный научно-технический сборник/ Харьковский институт радиоэлектроники им. М. К. Янгеля. Вып. 74.— , 1965-1991
Γλώσσα:Ρωσικά
Έκδοση: 1985
Θέματα:
Μορφή: Βιβλίο
KOHA link:https://koha.lib.tpu.ru/cgi-bin/koha/opac-detail.pl?biblionumber=287412

MARC

LEADER 00000nam2a2200000 4500
001 287412
005 20231102000003.0
020 |a RU  |b 85-36096ж 
035 |a (RuTPU)RU\TPU\book\311811 
090 |a 287412 
100 |a 20150316d1985 k y0rusy5003 ca 
101 0 |a rus 
102 |a UA 
105 |a a z 001zy 
200 0 |a Вып. 74 
210 |d 1985 
215 |d 21 см  |a 126 с.  |c ил. 
320 |a Библиография в конце статей 
461 1 |0 (RuTPU)RU\TPU\book\70383  |t Радиотехника  |o республиканский межведомственный научно-технический сборник  |f Харьковский институт радиоэлектроники им. М. К. Янгеля  |v Вып. 74  |d 1965-1991 
606 1 |a Радиотехника  |2 stltpush  |3 (RuTPU)RU\TPU\subj\71345  |9 85301 
610 1 |a антенные устройства 
610 1 |a СВЧ 
610 1 |a сверхвысокие частоты 
610 1 |a СВЧ-генераторы 
610 1 |a параметры 
610 1 |a оптимизация 
610 1 |a радиосигналы 
610 1 |a формирование 
610 1 |a анализ 
610 1 |a синтез 
610 1 |a радиосистемы 
610 1 |a помехоустойчивость 
675 |a 621.37  |z rus  |v 4 
801 0 |a RU  |b RuMRKP  |c 19950704  |g psbo 
801 1 |a RU  |b 63413507  |c 20150316 
801 2 |a RU  |b 63413507  |c 20170703  |g RCR 
942 |c BK